• 首页
  • 本馆介绍
  • 公告通知
  • 最新文献
  • 馆藏检索
  • 电子资源
  • 读者导购
  • 参考咨询
  • 我的图书馆
  • 登录
  • 详细信息显示
  • 放入我的书架
  • 预约/预借图书
  • 作者相关作品
  • 分类相关作品
  • 丛书相关作品
  • 出版社相关作品

书目信息

  • 表格格式
  • 工作单格式
  • 卡片格式
题名:
回到教育原点
    
 
作者: 窦桂梅 著
分册:  
出版信息: 桂林   漓江出版社  2015.02
页数: 316页
开本: 23cm
丛书名:
单 册:
中图分类: G62
科图分类:
主题词: 小学教育--xiao xue jiao yu--研究
电子资源:
ISBN: 978-7-5407-7446-2
000 00871nam0 2200253 450
001 469732
005 20201119145915.10
010    @a978-7-5407-7446-2@dCNY34.80
100    @a20151327e20202015em y0chiy0110 ea
101 0  @achi
102    @aCN@b450000
105    @aa z 000yy
106    @ar
200 1  @a回到教育原点@9hui dao jiao yu yuan dian@f窦桂梅著
205    @a修订版
210    @a桂林@c漓江出版社@d2015.02@h2020.01
215    @a316页@c照片@d23cm
300    @a玫瑰教育
330    @a本书是作者的教育教学智慧的精华,涵盖了她多年来在核心素养、教研教改、课堂教学等方面的宝贵体验和精辟思考,“三个超越”,“主题教学”,“课程整合”,促进教师更新观念,推动了全国的课改。
606 0  @a小学教育@9xiao xue jiao yu@x研究
690    @aG62@v5
701  0 @a窦桂梅@9dou gui mei@c(女,@f1967-)@4著
801  0 @aCN@bBJSZM@c20201119
905    @b1268226-30@dG62@e1252=2@f5
    
    回到教育原点/窦桂梅著.-修订版.-桂林:漓江出版社,2015.02(2020.01)
    316页:照片;23cm
    玫瑰教育
    
    ISBN 978-7-5407-7446-2:CNY34.80
    本书是作者的教育教学智慧的精华,涵盖了她多年来在核心素养、教研教改、课堂教学等方面的宝贵体验和精辟思考,“三个超越”,“主题教学”,“课程整合”,促进教师更新观念,推动了全国的课改。
●
相关链接 在E读中查询图书 在五车中查询图书 在当当中查询图书 在豆瓣中查询图书


正题名:回到教育原点     索取号:G62/1252=2         预约/预借

序号 登录号 条形码 馆藏地/架位号 状态 备注
1 1268226   212682266   第一样本阅览室/ [索取号:G62/1252=2] 在馆    
2 1268227   212682275   教育系资料室/ [索取号:G62/1252=2] 在馆    
3 1268228   212682284   教育系资料室/ [索取号:G62/1252=2] 在馆    
4 1268229   212682293   第四借阅区/ [索取号:G62/1252=2] 在馆    
5 1268230   212682300   第四借阅区/ [索取号:G62/1252=2] 在馆    
唐山师范学院图书馆 欢迎您!
大连网信软件有限公司© 版权所有